Differential and integral calculus / (Record no. 464)
[ view plain ]
| 000 -LEADER | |
|---|---|
| fixed length control field | 00623nam a22002177a 4500 |
| 005 - DATE AND TIME OF LATEST TRANSACTION | |
| control field | 20221228083914.0 |
| 008 - FIXED-LENGTH DATA ELEMENTS--GENERAL INFORMATION | |
| fixed length control field | 221228b |||||||| |||| 00| 0 eng d |
| 020 ## - INTERNATIONAL STANDARD BOOK NUMBER | |
| International Standard Book Number | 971-1055-10-4 |
| 082 ## - DEWEY DECIMAL CLASSIFICATION NUMBER | |
| Classification number | 515 L897 1969 |
| 100 ## - MAIN ENTRY--PERSONAL NAME | |
| Personal name | Love, Clyde E. |
| Relator term | author |
| 245 ## - TITLE STATEMENT | |
| Title | Differential and integral calculus / |
| Statement of responsibility, etc. | Clyde E. Love, Earl D. Rainville |
| 250 ## - EDITION STATEMENT | |
| Edition statement | 6th ed. |
| 260 ## - PUBLICATION, DISTRIBUTION, ETC. | |
| Place of publication, distribution, etc. | New York: |
| Name of publisher, distributor, etc. | Macmillan, |
| Date of publication, distribution, etc. | c1969. |
| 300 ## - PHYSICAL DESCRIPTION | |
| Extent | xvii, 579p.; |
| Other physical details | ill. |
| 500 ## - GENERAL NOTE | |
| General note | Includes index |
| 541 ## - IMMEDIATE SOURCE OF ACQUISITION NOTE | |
| Accession number | 1556 |
| 650 ## - SUBJECT ADDED ENTRY--TOPICAL TERM | |
| Topical term or geographic name entry element | Calculus |
| 650 ## - SUBJECT ADDED ENTRY--TOPICAL TERM | |
| Topical term or geographic name entry element | Differential calculus |
| 650 ## - SUBJECT ADDED ENTRY--TOPICAL TERM | |
| Topical term or geographic name entry element | Calculus integral |
| 700 ## - ADDED ENTRY--PERSONAL NAME | |
| Personal name | Rainville, Earl D. |
| Relator term | author |
| Withdrawn status | Lost status | Source of classification or shelving scheme | Damaged status | Not for loan | Home library | Current library | Date acquired | Total Checkouts | Full call number | Barcode | Date last seen | Copy number | Price effective from | Koha item type |
|---|---|---|---|---|---|---|---|---|---|---|---|---|---|---|
| Dewey Decimal Classification | ctu-moalboal | ctu-moalboal | 06/13/2011 | 515 L897 1969 | 1556 | 09/16/2025 | 1 | 12/28/2022 | Books-Reference |